สืบสานพระราชปณิธาน สามทศวรรษจรัสหล้า การพัฒนาเด็กและเยาวชนในถิ่นทุรกันดาร [electronic resource] / (ระเบียนเลขที่ 71404)
| 000 -LEADER | |
|---|---|
| fixed length control field | 01521nma a22002657a 4500 |
| 006 - FIXED-LENGTH DATA ELEMENTS--ADDITIONAL MATERIAL CHARACTERISTICS | |
| fixed length control field | g q || |
| 005 - DATE AND TIME OF LATEST TRANSACTION | |
| control field | 20210325212429.0 |
| 007 - PHYSICAL DESCRIPTION FIXED FIELD--GENERAL INFORMATION | |
| fixed length control field | co mgaaaaaa |
| 008 - FIXED-LENGTH DATA ELEMENTS--GENERAL INFORMATION | |
| fixed length control field | s2554 th gq h tha d |
| 040 ## - CATALOGING SOURCE | |
| Original cataloging agency | NALT |
| 041 ## - LANGUAGE CODE | |
| Language code of text/sound track or separate title | tha |
| 090 ## - LOCALLY ASSIGNED LC-TYPE CALL NUMBER (OCLC); LOCAL CALL NUMBER (RLIN) | |
| Classification number (OCLC) (R) ; Classification number, CALL (RLIN) (NR) | CD2289/1, CD2289/2 |
| 245 10 - TITLE STATEMENT | |
| Title | สืบสานพระราชปณิธาน สามทศวรรษจรัสหล้า การพัฒนาเด็กและเยาวชนในถิ่นทุรกันดาร [electronic resource] / |
| Statement of responsibility, etc. | สำนักงานเสริมสร้างเอกลักษณ์ของชาติ. |
| 260 3# - PUBLICATION, DISTRIBUTION, ETC. | |
| Place of publication, distribution, etc. | กรุงเทพฯ : |
| Name of publisher, distributor, etc. | สำนักงานเสริมสร้างเอกลักษณ์ของชาติ, |
| Date of publication, distribution, etc. | 2554 |
| 300 ## - PHYSICAL DESCRIPTION | |
| Extent | 1 CD - ROM : |
| Other physical details | เสียง., สี. |
| Dimensions | 4 3/4 นิ้ว. |
| 650 04 - SUBJECT ADDED ENTRY--TOPICAL TERM | |
| Topical term or geographic name entry element | โครงการพัฒนาเด็กและเยาวชนในถิ่นทุรกันดาร |
| 650 04 - SUBJECT ADDED ENTRY--TOPICAL TERM | |
| Topical term or geographic name entry element | เยาวชน -- การศึกษา |
| 650 04 - SUBJECT ADDED ENTRY--TOPICAL TERM | |
| Topical term or geographic name entry element | เด็ก -- การศึกษา |
| 650 04 - SUBJECT ADDED ENTRY--TOPICAL TERM | |
| Topical term or geographic name entry element | เทพรัตนราชสุดาฯ สยามบรมราชกุมารี, สมเด็จพระ -- พระราชกรณียกิจ |
| 650 04 - SUBJECT ADDED ENTRY--TOPICAL TERM | |
| Topical term or geographic name entry element | เยาวชน -- ไทย |
| 650 04 - SUBJECT ADDED ENTRY--TOPICAL TERM | |
| Topical term or geographic name entry element | เด็ก -- ไทย |
| 850 ## - HOLDING INSTITUTION | |
| Holding institution | NALT |
| 942 ## - ADDED ENTRY ELEMENTS (KOHA) | |
| Koha item type | CD |
| Source of classification or shelving scheme | Local Classification |
| Withdrawn status | Lost status | Source of classification or shelving scheme | Damaged status | Not for loan | Collection code | Home library | Current library | Source of acquisition | Total Checkouts | Full call number | Barcode | Date last seen | Copy number | Price effective from | Koha item type | Date acquired |
|---|---|---|---|---|---|---|---|---|---|---|---|---|---|---|---|---|
| Library of Congress Classification | Audio-Visual Materials collection | National Assembly Library of Thailand | National Assembly Library of Thailand | บริจาค | CD 2289/1 | 3961197193 | 09/06/2017 | C. 1 | 09/06/2017 | CD | ||||||
| Library of Congress Classification | Audio-Visual Materials collection | National Assembly Library of Thailand | National Assembly Library of Thailand | บริจาค | CD 2289/2 | 3961197196 | 13/08/2018 | C. 2 | 09/06/2017 | CD | 13/08/2018 |
